000 00442nam a2200181Ia 4500
001 20702
005 20260306172825.0
008 260306t2012||||xx |||||||||||||| ||spa||
041 _aESP
082 _a343.686
_bU61
100 _aOrozco Arcilla, Luis Alberto
_eAUT
245 0 _aSemillero en derecho administrativo
260 _c2012
300 _a38 páginas :
_c24 cm.
650 _aGEN
654 _aCDE
942 _cLIB
_dJUS
_fJUS
_2ddc
_n
999 _c20702
_d20702